Science Dictionary: (Record no. 213803)

MARC details
000 -LEADER
fixed length control field 00626 a2200205 4500
005 - DATE AND TIME OF LATEST TRANSACTION
control field 20251124113354.0
010 ## - LCCN (DPL NO)
LC control number ENG-147125
020 ## - INTERNATIONAL STANDARD BOOK NUMBER
Terms of availability 300.00
035 ## - SYSTEM CONTROL NUMBER
System control number EN-130657
037 ## - SOURCE OF ACQUISITION
Source of stock number/acquisition DBAD
082 ## - DEWEY DECIMAL CLASSIFICATION NUMBER
Classification number 503
Edition number 1
100 ## - MAIN ENTRY--PERSONAL NAME
Personal name Navaratna Book House
245 ## - TITLE STATEMENT
Title Science Dictionary:
Remainder of title English-English/
Statement of responsibility, etc by Navaratna Book House
260 ## - PUBLICATION, DISTRIBUTION, ETC. (IMPRINT)
Place of publication, distribution, etc Vijayawada
Name of publisher, distributor, etc Navaratna Book House
Date of publication, distribution, etc 2023
270 ## - ADDRESS
Address # 28-22-20, Rahiman Street, Arundel Pet,
City Vijayawada
Postal code 520002
300 ## - PHYSICAL DESCRIPTION
Extent 256p.
Dimensions 22cm.(pb)
500 ## - GENERAL NOTE
General note For High Scholl & College Students
700 ## - ADDED ENTRY--PERSONAL NAME
9 (RLIN) 9757
942 ## - ADDED ENTRY ELEMENTS (KOHA)
Institution code [OBSOLETE] dpl
Item type English Books
Source of classification or shelving scheme Dewey Decimal Classification
Call number suffix SCI
Classification part 503
Holdings
Withdrawn status Lost status Not for loan Collection code Home library Current library Date acquired Source of acquisition Cost, normal purchase price Full call number Barcode Copy number Cost, replacement price Koha item type
      Non-fiction Sarojini Nagar Sarojini Nagar 24/11/2025 Delivery of Books Act Division 300.00 SCI 503 EN-130657 1 300.00 English Books

© Delhi Public Library
Hit Counter
free hit counter